| 000 | 00669nam a2200193Ia 4500 | ||
|---|---|---|---|
| 008 | 151119s9999||||xx |||||||||||||| ||und|| | ||
| 082 | _a823.91चैस/प्रेमतू | ||
| 082 | _bGKKV11735 | ||
| 100 | _aचेस हेडले जेमस | ||
| 245 | _aप्रेम तुझ्यावर | ||
| 260 | _aपुणे | ||
| 260 | _bमेहता पब्लीशिग हाउस | ||
| 260 | _c1996 | ||
| 600 | _aचेस हेडले जेमस | ||
| 630 | _aप्रेम तुझ्यावर | ||
| 700 | _aचेस हेडले जेमस | ||
| 730 | _aप्रेम तुझ्यावर | ||
| 942 | _cBOOK | ||
| 999 |
_c1065681 _d1065678 |
||